000 00297nam a2200133Ia 4500
100 _aSmith/A.A
942 _cBK
654 _aRadio
245 _aRadio frequency principles and applications
260 _bUniversities Press
_c2001
082 _a621.284
_bSMI
300 _a217
546 _aENGLISH
999 _c35686
_d35686